|
|
|
|
| LEADER |
01376nam a22003252a 4500 |
| 001 |
001213693 |
| 003 |
CZ BrMZK |
| 005 |
20120518082711.0 |
| 007 |
ta |
| 008 |
120517s1971 xr er|||||||||||cze d |
| 015 |
|
|
|a cnb000432033
|
| 035 |
|
|
|a (OCoLC)42145943
|
| 040 |
|
|
|a ABA001
|b cze
|c ABA001
|d ABA001
|
| 080 |
9 |
|
|a 621.3-01(075.8)
|
| 100 |
1 |
|
|a Bauer, Miroslav,
|d 1921-1984
|7 jz8000040
|4 aut
|
| 245 |
1 |
0 |
|a Teoretická elektrotechnika :
|b určeno pro posluchače elektrotechnické fakulty.
|n 1. [díl] /
|c Miroslav Bauer
|
| 250 |
|
|
|a 1. vyd.
|
| 260 |
|
|
|a Praha :
|b Státní nakladatelství technické literatury,
|c 1971
|
| 300 |
|
|
|a 284 s. ;
|c 4°
|
| 500 |
|
|
|a Vyd. Vys. učení techn. v Brně
|
| 500 |
|
|
|a S obr. v textu
|
| 504 |
|
|
|a Obsahuje bibliografii
|
| 910 |
|
|
|a BOA001
|b TK-A-0159.218
|
| 990 |
|
|
|a BK
|
| 991 |
|
|
|b 201205
|
| 996 |
7 |
|
|b 2629954236
|c TK-A-0159.218
|l MZK
|r Sklad / do 24 hodin
|n 0
|w 001247692
|u 000010
|a 1
|e BOA001
|j MZK50
|s A
|
| 996 |
6 |
|
|b BC-1077528
|c TK-A-0159.218
|l MZK
|r Sklad / do 24 hodin
|n 0
|w 001247692
|u 000020
|a 1
|e BOA001
|j MZK50
|s P
|
| 996 |
6 |
|
|b BC-1077529
|c TK-A-0159.218
|l MZK
|r Sklad / do 24 hodin
|n 0
|w 001247692
|u 000030
|a 1
|e BOA001
|j MZK50
|s P
|
| 996 |
6 |
|
|b BC-1077530
|c TK-A-0159.218
|l MZK
|r Sklad / do 24 hodin
|n 0
|w 001247692
|u 000040
|a 1
|e BOA001
|j MZK50
|s P
|
| 996 |
6 |
|
|b BC-1077531
|c TK-A-0159.218
|l MZK
|r Sklad / do 24 hodin
|n 0
|w 001247692
|u 000050
|a 1
|e BOA001
|j MZK50
|s P
|